| 000 | 00000nam 2200000zi 4500 |
| 001 | 9.944227 |
| 003 | CaOODSP |
| 005 | 20241220134156 |
| 006 | m o d f |
| 007 | cr bn||||||||| |
| 008 | 241017t20242024onc ob f000 0 fre d |
| 020 | |a9780660740638 |
| 040 | |aCaOODSP|bfre|erda|cCaOODSP |
| 043 | |an-cn--- |
| 086 | 1 |aBT53-32/2024F-PDF |
| 245 | 00|aPolitique sur l'élaboration de la réglementation. |
| 264 | 1|aOttawa, Ontario : |bSecrétariat du Conseil du Trésor du Canada = Treasury Board of Canada Secretariat, |c2024. |
| 264 | 4|c©2024 |
| 300 | |a1 ressource en ligne (33 pages) |
| 336 | |atexte|btxt|2rdacontent/fre |
| 337 | |ainformatique|bc|2rdamedia/fre |
| 338 | |aressource en ligne|bcr|2rdacarrier/fre |
| 500 | |aTitre de la couverture. |
| 500 | |a« Publié : le 2024-10-07. » |
| 500 | |aPublié aussi en anglais sous le titre : Policy on regulatory development. |
| 504 | |aComprend des références bibliographiques. |
| 650 | 6|aReĢglements (Droit administratif)|xPolitique gouvernementale|zCanada. |
| 710 | 1 |aCanada. |bConseil du trésor, |eorganisme de publication. |
| 775 | 08|tPolicy on regulatory development.|w(CaOODSP)9.944226 |
| 795 | |tPolitique sur l'élaboration de la réglementation |w(CaOODSP)9.861676 |
| 856 | 40|qPDF|s857 Ko|uhttps://publications.gc.ca/collections/collection_2024/sct-tbs/BT53-32-2024-fra.pdf |
| 856 | 4 |qHTML|sS.O.|uhttps://www.canada.ca/fr/gouvernement/systeme/lois/developpement-amelioration-reglementation-federale/exigences-matiere-elaboration-gestion-examen-reglements/lignes-directrices-outils/politique-elaboration-reglementation.html |